00557nam a22001811a 45000010005000000030004000050050017000090080041000260200015000670500018000820820018001001000020001182450129001382640025002673000010002925000026003026500047003282937OSt20260204211832.0040518s1993||||ag ||||||b||||||||||spa|| a9505772394 a658.562 N857q a658.562 N857q aNava, Miguel G. aQué debe conocer sobre calidad un profesional en ciencias económicas: ISO 9000 Management Japon vs EEUU / Miguel G, Nava aArgentina : Belgrano a93 p. aIncluye biliografía a1.Control de Calidad - AdministraciónÌ